000
00292nam a22001337a 4500
007
ost
008
131127t xxu||||| |||| 00| 0 eng d
020
_a
0-12-194851-x
040
_a
ASAB
_c
ASAB
245
_a
Antigenic Vatiation
300
_a
340
700
_a
Alister Craig
_9
306
942
_2
ddc
_c
BK
999
_c
16573
_d
16573